[Event "Frankfurt-chA"]
[Site "Frankfurt"]
[Date "2016.05.09"]
[Round "3"]
[White "Froehlich Dill, Astrid"]
[Black "Schindehuette, Frank"]
[Result "1-0"]
[WhiteElo "1712"]
[BlackElo "1510"]
[PlyCount "59"]
[EventDate "2016.04.25"]
[EventType "swiss"]
[EventRounds "9"]
[EventCountry "GER"]
[SourceTitle "EXT 2018"]
[Source "ChessBase"]
[SourceDate "2017.10.13"]
[SourceVersion "1"]
[SourceVersionDate "2017.10.13"]
[SourceQuality "1"]

1. d4 b5 2. e4 Bb7 3. f3 a6 4. Be3 Nf6 5. c4 bxc4 6. Bxc4 e6 7. Qb3 Qc8 8. a3 Be7 9. Nc3 0-0 10. Nge2 Nc6 11. Qc2 Rd8 12. 0-0 d5 13. Bd3 dxe4 14. Nxe4 Nd5 15. Bf2 f5 16. Nc5 Bxc5 17. Qxc5 Nb6 18. Nf4 g5 19. Nh5 Kf7 20. g4 Rd5 21. Qc2 Qd7 22. gxf5 exf5 23. Ng3 Ne5 24. dxe5 Rxd3 25. Rad1 Rxd1 26. Rxd1 Qc8 27. e6+ Qxe6 28. Qxc7+ Kg8 29. Qxb7 Qb3 30. Rd2 1-0

[Event "Niedersachsen-ch op-B"]
[Site "Verden"]
[Date "2016.01.05"]
[Round "5"]
[White "Stummeyer, Dieter"]
[Black "Schindehuette, Frank"]
[Result "1-0"]
[WhiteElo "1870"]
[BlackElo "1647"]
[PlyCount "59"]
[EventDate "2016.01.03"]
[EventType "swiss"]
[EventRounds "7"]
[EventCountry "GER"]
[SourceTitle "EXT 2018"]
[Source "ChessBase"]
[SourceDate "2017.10.13"]
[SourceVersion "1"]
[SourceVersionDate "2017.10.13"]
[SourceQuality "1"]

1. e4 d5 2. exd5 Nf6 3. d4 Bf5 4. Nf3 Nxd5 5. Bd3 Bg6 6. 0-0 e6 7. Ne5 Nd7 8. a3 c5 9. Bb5 N5b6 10. Nxd7 Nxd7 11. dxc5 Bxc5 12. b4 Be7 13. Bb2 f6 14. Re1 a6 15. Ba4 b5 16. Bb3 e5 17. Nc3 Nb6 18. Qe2 Rc8 19. Rad1 Qc7 20. Rd2 Nc4 21. Nd5 Qc6 22. Bxc4 Qxc4 23. Bxe5 Qxe2 24. Rdxe2 Rxc2 25. Rxc2 Bxc2 26. Bg3 Kd7 27. Rxe7+ Kc6 28. Ne3 Bg6 29. Rc7+ Kb6 30. Nd5# 1-0

[Event "Karl Mala Memorial op-B 17th"]
[Site "Frankfurt"]
[Date "2014.08.03"]
[Round "6"]
[White "Engel, Jan"]
[Black "Schindehuette, Frank"]
[Result "1-0"]
[WhiteElo "1429"]
[BlackElo "1656"]
[PlyCount "73"]
[EventDate "2014.07.31"]
[EventType "swiss"]
[EventRounds "7"]
[EventCountry "GER"]
[SourceTitle "EXT 2015"]
[Source "ChessBase"]
[SourceDate "2014.11.20"]
[SourceVersion "1"]
[SourceVersionDate "2014.11.20"]
[SourceQuality "1"]

1. e4 d5 2. exd5 Nf6 3. Bb5+ Bd7 4. Bc4 b5 5. Bb3 a5 6. a3 c5 7. dxc6 Bxc6 8. Nf3 e6 9. d4 Bd6 10. 0-0 Qc7 11. Re1 Bxf3 12. Qxf3 Ra7 13. d5 e5 14. Nc3 Qb7 15. Bg5 Nbd7 16. a4 bxa4 17. Bxa4 0-0 18. Nb5 Ra6 19. Nxd6 Rxd6 20. Bxd7 Qxd7 21. Bxf6 Rxf6 22. Qd3 Qa7 23. Qe3 Qd4 24. Qxd4 exd4 25. Rxa5 Rb6 26. Ra4 Rxb2 27. Rxd4 Rxc2 28. d6 Rd8 29. g3 Kf8 30. Kg2 f6 31. Re7 Rc6 32. Ra4 h5 33. h4 Rcxd6 34. Raa7 g5 35. hxg5 fxg5 36. Rh7 h4 37. Rh8# 1-0

[Event "Karl Mala Memorial op 15th"]
[Site "Frankfurt"]
[Date "2012.07.07"]
[Round "4"]
[White "Schindehuette, Frank"]
[Black "Claus, Simon Martin"]
[Result "0-1"]
[WhiteElo "1528"]
[BlackElo "1840"]
[PlyCount "48"]
[EventDate "2012.07.05"]
[EventType "swiss"]
[EventRounds "7"]
[EventCountry "GER"]
[SourceTitle "CBM 149 Extra"]
[Source "ChessBase"]
[SourceDate "2012.08.24"]
[SourceVersion "1"]
[SourceVersionDate "2012.08.24"]
[SourceQuality "1"]

1. f4 d5 2. c4 e6 3. Nf3 Nf6 4. d4 c5 5. Nc3 dxc4 6. e4 cxd4 7. Nxd4 Bc5 8. Ndb5 Qb6 9. Qa4 0-0 10. Bxc4 Bf2+ 11. Ke2 Bg1 12. Nd1 Bd7 13. Ne3 Bxe3 14. Bxe3 Qc6 15. Qb3 Nxe4 16. Nxa7 Rxa7 17. Bxa7 Na6 18. Bd3 Nec5 19. Bxc5 Nxc5 20. Qc2 Qxg2+ 21. Ke3 Qh3+ 22. Kd4 Rc8 23. Rag1 e5+ 24. fxe5 Ne6+ 0-1

[Event "Karl Mala Memorial op 14th"]
[Site "Frankfurt"]
[Date "2011.07.10"]
[Round "7"]
[White "Schindehuette, Frank"]
[Black "Bigott, Martin"]
[Result "0-1"]
[WhiteElo "1555"]
[BlackElo "1893"]
[PlyCount "40"]
[EventDate "2011.07.07"]
[EventType "swiss"]
[EventRounds "7"]
[EventCountry "GER"]
[SourceTitle "EXT 2012"]
[Source "ChessBase"]
[SourceDate "2011.11.24"]
[SourceVersion "1"]
[SourceVersionDate "2011.11.24"]
[SourceQuality "1"]

1. f4 d6 2. c4 e5 3. Nc3 Nc6 4. e4 exf4 5. Nf3 Bg4 6. Be2 Bxf3 7. Bxf3 Qh4+ 8. Kf1 Nge7 9. Nd5 Nxd5 10. exd5 Nd4 11. Qa4+ Kd8 12. Qd1 g5 13. h3 h5 14. Rg1 f5 15. d3 g4 16. hxg4 hxg4 17. Be2 Bh6 18. Bd2 Re8 19. Be1 Qh5 20. Bxg4 fxg4 0-1